000 00827nam a22003130a 4500
001 PT59705
003 AR-LpoUNG
005 20210131231927.0
008 191001s2011||||ag |||||||||||||||||spa d
020 _a9789501178875
_c$14
040 _aAR-LpoUNG
_bspa
_cAR-LpoUNG
_eaacr
041 _aspa
044 _aag
082 0 _a808.068 3 217toc
100 1 _aMaisner, Heather
245 1 0 _aMe toca a mí
250 _a1ra. ed.
260 _aBuenos Aires :
_bSigmar,
_c2011.
300 _a[22] p. :
_bil.
505 0 _aSugerido a partir de 6 años (etiqueta AMARILLA)
650 4 _aCUENTOS
650 4 _aLITERATURA
651 4 _aDOCUMENTOS TEORICOS O METODOLOGICOS
653 _aLITERATURA INFANTIL
700 1 _aRodríguez, Pina
_etr.
700 1 _aSthenson, Kristina
_eil.
905 _a59705
942 _cLIB
999 _c12682
_d12682